<?xml version="1.0" encoding="UTF-8"?>
<collection xmlns="http://www.loc.gov/MARC21/slim">
 <record>
  <leader>00688cam a2200193 7i4500</leader>
  <controlfield tag="001">0000000205</controlfield>
  <controlfield tag="005">20150325090000.0</controlfield>
  <controlfield tag="003">  iicp-my</controlfield>
  <controlfield tag="005">  20050517153200.0</controlfield>
  <controlfield tag="008">000000                       00         </controlfield>
  <datafield tag="039" ind1=" " ind2="9">
   <subfield code="a">200505171532</subfield>
   <subfield code="b">muna</subfield>
   <subfield code="y">200212042122</subfield>
   <subfield code="z">VLOAD</subfield>
  </datafield>
  <datafield tag="100" ind1=" " ind2=" ">
   <subfield code="a">Lee, Yan Li </subfield>
  </datafield>
  <datafield tag="245" ind1="0" ind2="0">
   <subfield code="a">Open market operations as a monetary instrument : </subfield>
   <subfield code="b">the Malaysian experience  </subfield>
   <subfield code="c">by Lee Yan Li, Lim Chee Sing, V. Vijayaledchumy..</subfield>
  </datafield>
  <datafield tag="260" ind1=" " ind2=" ">
   <subfield code="b">Economic Department, Bank Negara Malaysia, </subfield>
   <subfield code="c">1988..</subfield>
  </datafield>
  <datafield tag="650" ind1=" " ind2="0">
   <subfield code="a">Investments -- </subfield>
   <subfield code="z">Malaysia. </subfield>
  </datafield>
  <datafield tag="650" ind1=" " ind2="0">
   <subfield code="a">Monetary policy -- </subfield>
   <subfield code="z">Malaysia. </subfield>
  </datafield>
  <datafield tag="700" ind1=" " ind2=" ">
   <subfield code="a">Lim, Chee Sing </subfield>
  </datafield>
  <datafield tag="700" ind1=" " ind2=" ">
   <subfield code="a">Vijayaledchumy, V. </subfield>
  </datafield>
  <datafield tag="999" ind1=" " ind2=" ">
   <subfield code="a">1000000810</subfield>
   <subfield code="b">Book</subfield>
   <subfield code="c">Open Shelf</subfield>
  </datafield>
 </record>
</collection>
